000 01049nam a2200325 i 4500
001 768714001
003 CO-MdFUSB
005 20230330151402.0
007 ta
008 220216t1989 enk |||| |||| 00| 0 por d
020 _a[No incluye ISBN]
040 _aCO-MdFUSB
_bspa
_cCO-MdFUSB
_dCO-MdFUSBC
_erda
041 _apor
082 _223
_a224
_bK46
100 _aKidner, Derek.
_eautor
245 1 _aA mensagem de eclesiastes
_c/ Derek Kidner : editado por J. A. Motyer
264 1 _aInglaterra :
_bABU,
_c[1989]
264 4 _c© 1989
300 _a97 páginas
_c; 21 cm
336 _2rdacontent
_atexto
_btxt
337 _2rdamedia
_asin mediación
_bn
338 _2rdacarrier
_avolumen
_bnc
505 _a¿Qué está enseñando este libro de la Biblia? -- Una visión general. -- Qué dice este libro: un breve comentario. -- ¿Qué vamos a decir?
563 _aRústico
630 0 7 _aBiblia.
_pEclesiastes
_vComentario.
700 _91431
_aMotyer, J. A.
_eeditor
942 _cBK
945 _aJTF-925
999 _c67233
_d67233